Statistics for Petrels!

Click here to take the quiz!

General Stats

  • This quiz has been taken 18 times
  • The average score is 17 of 59

Answer Stats

Scientific NameCommon NameDistribution% Correct
Thalassoica antarcticaAntarctic PetrelSouthern Ocean
67%
Pterodroma cahowBermuda PetrelAtlantic Ocean off N America
67%
Pterodroma hasitataBlack-capped PetrelOff the U.S. Atlantic Coast, Caribbean
67%
Daption capenseCape PetrelAll Southern Hemisphere Oceans
67%
Pterodroma phaeopygiaGalapagos PetrelGalapagos Islands & surrounding seas
67%
Macronectes halliNorthern Giant-PetrelAll Southern Hemisphere Oceans
67%
Pagodroma niveaSnow PetrelSouthern Ocean
67%
Macronectes giganteusSouthern Giant-PetrelAll Southern Hemisphere Oceans
67%
Procellaria conspicillataSpectacled PetrelS Atlantic Ocean
67%
Procellaria aequinoctialisWhite-chinned PetrelAll Southern Hemisphere Oceans
67%
Pterodroma barauiBarau's PetrelIndian Ocean
33%
Pseudobulweria beckiBeck's PetrelAround New Guinea
33%
Procellaria parkinsoniBlack PetrelNew Zealand, migrates to northern S America
33%
Halobaena caeruleaBlue PetrelAll Southern Hemisphere Oceans
33%
Pterodroma hypoleucaBonin PetrelNW Pacific Ocean
33%
Bulweria bulweriiBulwer's PetrelAll oceans except Arctic & Southern
33%
Pterodroma axillarisChatham PetrelChatham Islands (New Zealand)
33%
Pterodroma cookiiCook's PetrelN & S Pacific Ocean
33%
Pterodroma feaeFea's PetrelNorth Atlantic Ocean
33%
Pseudobulweria macgillivrayiFiji PetrelGau Island & Moala Islands (Fiji)
33%
Pterodroma sandwichensisHawaiian PetrelNE Pacific Ocean
33%
Pterodroma atrataHenderson PetrelPitcairn Islands & Easter Island
33%
Pterodroma externaJuan Fernandez PetrelE Pacific Ocean
33%
Pterodroma neglectaKermadec PetrelN & S Pacific Ocean
33%
Pterodroma magentaeMagenta PetrelChatham Islands (New Zealand)
33%
Pseudobulweria aterrimaMascarene PetrelRéunion & Mauritius
33%
Pterodroma inexpectataMottled PetrelN & S Pacific Ocean, Southern Ocean
33%
Pterodroma ultimaMurphy's PetrelE Pacific Ocean
33%
Fulmarus glacialisNorthern FulmarAll Northern Hemisphere Oceans
33%
Pterodroma albaPhoenix PetrelCentral Pacific Ocean
33%
Pterodroma solandriProvidence PetrelW Pacific Ocean
33%
Pachyptila belcheriSlender-billed PrionAll Southern Hemisphere Oceans (esp. Southern)
33%
Fulmarus glacialoidesSouthern FulmarSouthern Ocean, migrant to S America
33%
Pterodroma longirostrisStejneger's PetrelSE & N Pacific Ocean
33%
Pseudobulweria rostrataTahiti PetrelTropical Pacific & E Indian Oceans
33%
Pterodroma arminjonianaTrindade PetrelAtlantic Ocean & W Indian Ocean
33%
Pterodroma occultaVanuatu PetrelVanuatu & surrounding seas
33%
Procellaria westlandicaWestland PetrelS Pacific Ocean
33%
Pterodroma lessoniiWhite-headed PetrelAll Southern Hemisphere Oceans
33%
Pterodroma cervicalisWhite-necked PetrelN & S Pacific Ocean
33%
Pterodroma madeiraZino's PetrelMadeira Islands (Portugal)
33%
Pachyptila desolataAntarctic PrionAll Southern Hemisphere Oceans (esp. Southern)
0%
Pterodroma incertaAtlantic PetrelS Atlantic Ocean
0%
Pterodroma nigripennisBlack-winged PetrelN & S Pacific Ocean
0%
Pachyptila vittataBroad-billed PrionAround New Zealand, S Atlantic Ocean
0%
Pterodroma brevipesCollared PetrelSW Pacific Ocean
0%
Pachyptila turturFairy PrionAll Southern Hemisphere Oceans
0%
Pachyptila crassirostrisFulmar PrionS of Australia and New Zealand
0%
Pterodroma leucopteraGould's PetrelSW Pacific Ocean, migrates NE
0%
Pterodroma macropteraGreat-winged PetrelS Atlantic, Indian & around Australia
0%
Pterodroma gouldiGrey-faced PetrelAround New Zealand & E Australia
0%
Procellaria cinereaGrey PetrelAll Southern Hemisphere Oceans
0%
Pterodroma heraldicaHerald PetrelN & S Pacific Ocean
0%
Bulweria fallaxJouanin's PetrelIndian Ocean (esp. Arabian Sea)
0%
Aphrodroma brevirostrisKerguelen PetrelSouthern, S Atlantic & Indian Oceans
0%
Pterodroma defilippianaMasatierra PetrelPacific Ocean off S America
0%
Pterodroma pycroftiPycroft's PetrelNew Zealand
0%
Pachyptila salviniSalvin's PrionS of Indian Ocean
0%
Pterodroma mollisSoft-plumaged PetrelAll Southern Hemisphere Oceans
0%

Score Distribution

Percentile by Number Answered

Percent of People with Each Score

Your Score History

You have not taken this quiz